00618cam a22001932 4500001001100000005001700011008004100028020002800069040001500097050001700112100003900129245010400168250001200272260003600284300001500320650002500335700003300360700003100393000000369120151217145739.0070514s xx 000 0 eng d a0471470627 :cGBP 30.95 aKABUcKABU 0aQC21.2b.C471 aChristman, J. Richard.@000015378112aA student's companion [to] Fundamentals of physics /cDavid Halliday, Robert Resnick, Jearl Walker. a7th ed. aHoboken, NJ :bJ. Wiley,c2005. avi, 473 p. 0aPhysics.@00001537781 aResnick, Robert.@00001537821 aWalker, Jearl.@0000153783